00270nam a22001217a 4500003000500000020001800005038000600023082001100029100001800040245004500058260003600103300000900139NUST a9789380836270 aA a302.23 aParveen kumar aTheory and practice of modern journalism aNew DelhibCentrum pressc2010. a295p